Responses for show #4064 - Thursday, April 11, 2002

(Cheryl: Get a taste of the good life--today on Jeopardy!)

Contestants

Judy Taisch, a technical representative from San Antonio, Texas

Erik Rockom, a finish carpenter from Seattle, Washington

Lynda Del Genis, a technical writer from Baltimore, Maryland (whose 1-day cash winnings total $17,100)

Jeopardy! Round responses

BOOKS ABOUT PRESIDENTS
ROCK & ROLL CINEMA
THE "WEST" IS THE BEST
BREAKFAST
LAUNCH
DINAR
    $200 18
Teddy Roosevelt

Erik
    $200 1
Janis Joplin

Erik
    $200 4
West Virginia

Lynda
    $200 5
Jimmy Dean

Judy
    $200 14
Jennifer Lopez

Judy
    $200 26
oil

Judy
    $400 19
JFK

Lynda
    $400 2
Queen

Lynda
    $400 10
Wild Wild West

Erik
    $400 6
Breakfast at Tiffany's

Judy
    $400 15
Cosmopolitan

Judy
    $400 27
(Lynda: What is Jordan?)

Khartoum

Lynda
Triple Stumper
    $1,000 22
Lyndon Johnson

Erik
    $600 3
Almost Famous

Judy
    $600 11
(Judy: What is West Virginia?)
(Lynda: What is Brownsville, Texas?)

Key West, Florida

LyndaJudy
Triple Stumper
    $600 7
(Judy: What are Pop-Tarts?)
(Erik: What are Eggos?)

the Egg McMuffin

ErikJudy
Triple Stumper
    $600 20
Ellen DeGeneres

Judy
    $600 28
Libya

Erik
    $800 23
Richard Nixon

Erik
    $800 16
Tim Curry

Lynda
    $800 12
the West Bank

Judy
    $800 8
money

Judy
    $800 21
Bon Jovi

Erik
    $800 29
(Erik: What is Algeria?)
...
(Alex: You had to go one over. [*].)

Tunisia

Erik
Triple Stumper
    $1000 24
Bill Clinton

Erik
    $1000 17
Tom Hanks

Judy
    $1000 13
All Quiet on the Western Front

Judy
    $1000 9
Battle Creek, Michigan

Lynda
    $1000 25
XM

Lynda
    $1000 30
(Lynda: What is Yemen?)

Bahrain

Lynda
Triple Stumper

Scores at the first commercial break (after clue 15):

Lynda Erik Judy
$1,000 $0 $3,200

Scores at the end of the Jeopardy! Round:

Lynda Erik Judy
$1,800 $3,600 $5,000

Double Jeopardy! Round responses

HISTORY
GIVE ME SOME CAVIAR!
BRIT LIT
HYPHENATED-AMERICANS
WORLD OF WEATHER
FILE UNDER "G"
    $400 11
the Erie Canal

Erik
    $400 26
vodka

Judy
    $400 1
hair

Judy
    $400 21
Farrah Fawcett-Majors

Lynda
    $400 16
Russia

Judy
    $400 5
gavel to gavel

Erik
    $800 12
the Ming

Lynda
    $800 27
Ian Fleming

Erik
    $800 2
the Cheshire cat

Erik
    $800 22
Jackie Joyner

Erik
    $800 17
the deserts

Lynda
    $800 7
(Alex: Sofia was [*] there at the feet of Jimmy, the other member of our Clue Crew, and if you happened to notice, he's wearing high heels. Nice man, but strange.)

grovel(ing)

Lynda
    $1200 13
Greece

Lynda
    $1200 28
a sturgeon

Lynda
    $1,600 3
Newspeak

Erik
    $1200 23
(Alex: Erik, a minute to go now.)

Bridgette Wilson-Sampras

Triple Stumper
    $1200 18
(Judy: What is New South Wales?)

Tasmania

Judy
Triple Stumper
    $1200 8
Red Grange

Erik
    $1600 14
Charlemagne

Erik
    $1600 29
the Caspian Sea

Erik
    $1600 4
Ivanhoe

Judy
    $1600 24
Linda Bloodworth

Erik
    $2,000 19
(Lynda: What is a Mackintosh?)

London Fog

Lynda
    $1600 9
gluten

Lynda
    $2000 15
(Lynda: What is Great Britain?)

Holland (the Netherlands)

LyndaJudy
    $2000 30
(Lynda: What is pearl?)
(Alex; Be more specific.)
(Lynda: What is [*]?)

mother-of-pearl

Lynda
    $2000 6
(Alex: One of the first fun reads I had in high school, [*].)

Father Brown

Triple Stumper
    $2000 25
(Judy: Who is Bronson Pinchot?)

Mark Linn-Baker

Judy
Triple Stumper
    $2000 20
(Erik: What is a zephyr?)

a Sirocco

Erik
Triple Stumper
    $2000 10
(Lynda: What is Galileo?)

Ganymede

LyndaErik

Scores at the end of the Double Jeopardy! Round:

Lynda Erik Judy
$4,600 $14,400 $6,600
(lock game)

[wagering suggestions for these scores]

Final Jeopardy! Round responses

THE NFL
(Alex: And they both represent the same city, so it makes sense.)
...
(Alex: They play at Meadowlands in New Jersey.)
LyndaWhat are ?
$3
JudyWhat are the Jets & the
$2,601
ErikWhat are New York Jets & NY Giants?
$1,199
the New York Jets & the New York Giants

Final scores:

Lynda Erik Judy
$4,597 $15,599 $3,999
2nd place: trip to Aruba & stay at Allegro Resort New champion: $15,599 3rd place: trip to San Francisco by Yahoo! Travel

Game dynamics:

Coryat scores:

Lynda Erik Judy
$6,600 $13,600 $6,600
14 R,
6 W
(including 1 DD)
19 R
(including 2 DDs),
3 W
16 R,
4 W

Combined Coryat: $26,800

The J! Archive is created by fans, for fans. The Jeopardy! game show and all elements thereof, including but not limited to copyright and trademark thereto, are the property of Jeopardy Productions, Inc. and are protected under law. This website is not affiliated with, sponsored by, or operated by Jeopardy Productions, Inc. Join the discussion at JBoard.tv.